Statistics for All Countries by Highest Recorded Temperature

Click here to take the quiz!

General Stats

  • This quiz has been taken 3,668 times
  • The average score is 66 of 196

Answers on the Map

Answers color-coded by a green-red scale on the quiz's map according to % correct below.
 

Answer Stats

Country% Correct
United States
98%
Iran
79%
Iraq
79%
Kuwait
79%
Pakistan
77%
Oman
75%
Mexico
73%
Saudi Arabia
73%
Jordan
72%
United Arab Emirates
72%
Algeria
71%
India
71%
Qatar
71%
Israel
68%
Egypt
67%
Australia
66%
China
65%
Libya
65%
Morocco
65%
Tunisia
65%
Mauritania
61%
Zimbabwe
61%
Uzbekistan
60%
Afghanistan
59%
Syria
59%
Turkmenistan
59%
Ethiopia
58%
Kazakhstan
58%
Niger
58%
Sudan
58%
Turkey
58%
Mali
57%
Yemen
56%
Eritrea
55%
Italy
55%
Chad
53%
Canada
51%
Senegal
51%
Spain
51%
Namibia
50%
France
49%
Somalia
49%
South Africa
49%
Greece
48%
Djibouti
47%
Portugal
47%
Burkina Faso
46%
Iceland
46%
Argentina
45%
Cameroon
45%
Zambia
45%
Azerbaijan
44%
Bahrain
43%
South Sudan
42%
Ireland
41%
Nigeria
41%
Russia
41%
Tajikistan
41%
Eswatini
40%
Venezuela
40%
Democratic Republic
of the Congo
39%
Mozambique
39%
Myanmar
39%
Vietnam
39%
Gambia
38%
Guatemala
38%
Bolivia
37%
Brazil
36%
Honduras
36%
Lebanon
36%
Nepal
36%
Uruguay
36%
Federated States of
Micronesia
35%
Kyrgyzstan
35%
Paraguay
35%
Côte d'Ivoire
34%
Kenya
34%
Republic of the Congo
34%
Bangladesh
33%
Cyprus
33%
Japan
33%
Central African Republic
32%
Guinea
32%
Thailand
32%
Albania
31%
Bulgaria
31%
Malawi
31%
Romania
31%
El Salvador
30%
Hungary
30%
United Kingdom
30%
Chile
29%
Colombia
29%
Vatican City
29%
Armenia
28%
Benin
28%
Botswana
28%
Ghana
28%
Guinea-Bissau
28%
Mongolia
28%
North Macedonia
28%
Ukraine
28%
Finland
27%
Jamaica
27%
Laos
27%
Serbia
27%
Vanuatu
27%
Montenegro
26%
Togo
26%
Georgia
25%
Kosovo
25%
Madagascar
25%
Norway
25%
Philippines
25%
Bosnia and
Herzegovina
24%
Croatia
24%
Denmark
24%
Germany
24%
Indonesia
24%
Malta
24%
Peru
24%
Angola
23%
Dominican Republic
23%
Haiti
23%
Kiribati
23%
New Zealand
23%
Palau
23%
Uganda
23%
Estonia
22%
Fiji
22%
Belgium
21%
Belize
20%
Dominica
20%
Latvia
20%
Moldova
20%
Netherlands
20%
Nicaragua
20%
Poland
20%
Rwanda
20%
South Korea
20%
Cambodia
19%
Lithuania
19%
Luxembourg
19%
Austria
18%
Barbados
18%
Ecuador
18%
Liberia
18%
Nauru
18%
North Korea
18%
Panama
18%
Sweden
18%
Switzerland
18%
Taiwan
18%
Tanzania
18%
Tonga
18%
Tuvalu
18%
Antigua and Barbuda
17%
Grenada
17%
Guyana
17%
Malaysia
17%
Papua New Guinea
17%
Slovenia
17%
Belarus
16%
Costa Rica
16%
Cuba
16%
Czech Republic
16%
East Timor
16%
Lesotho
16%
Marshall Islands
16%
Monaco
16%
Saint Kitts and Nevis
16%
Saint Lucia
16%
Saint Vincent and the
Grenadines
16%
Andorra
15%
Bhutan
15%
Equatorial Guinea
15%
Liechtenstein
15%
Maldives
15%
Slovakia
15%
Solomon Islands
15%
Sri Lanka
15%
Trinidad and Tobago
15%
Bahamas
14%
Burundi
14%
Comoros
14%
Gabon
14%
Samoa
14%
San Marino
14%
Seychelles
14%
Suriname
14%
Brunei
13%
Cape Verde
13%
Mauritius
13%
São Tomé and Príncipe
13%
Sierra Leone
13%
Singapore
13%

Score Distribution

Percentile by Number Answered

Percent of People with Each Score

Your Score History

You have not taken this quiz